[Event "FRA"]
[Site "France"]
[Date "1993.??.??"]
[Round "?"]
[White "Rotstein, Arkadij"]
[Black "Morales, H."]
[Result "1-0"]
[WhiteElo "2465"]
[BlackElo "2275"]
[PlyCount "79"]
[EventDate "1993.??.??"]
[EventType "team"]
[EventRounds "11"]
[EventCountry "FRA"]
[SourceTitle "TD"]
[Source "ChessBase"]
[SourceDate "1994.03.01"]
[SourceVersion "1"]
[SourceVersionDate "1994.03.01"]
[SourceQuality "1"]

1. e4 c5 2. Nf3 e6 3. d4 cxd4 4. Nxd4 a6 5. Nc3 Qc7 6. Bd3 b5 7. 0-0 Bb7 8. Kh1 Nc6 9. Nxc6 Qxc6 10. Qe1 Nf6 11. f3 d6 12. a4 bxa4 13. Qg3 g6 14. Rxa4 Rb8 15. Be3 Bc8 16. Rfa1 Bg7 17. Rxa6 Bxa6 18. Rxa6 Qd7 19. Bb5 Rxb5 20. Nxb5 0-0 21. Nxd6 Nh5 22. Qg5 Bxb2 23. Qc5 Qd8 24. Bg5 Bf6 25. Bh6 Ng7 26. e5 Bg5 27. Bxg7 Kxg7 28. g3 Qb8 29. Qb6 Qxb6 30. Rxb6 Be3 31. Rb7 Bd4 32. f4 g5 33. Kg2 gxf4 34. gxf4 Kg6 35. Kf3 f6 36. f5+ exf5 37. e6 Bc5 38. e7 Bxd6 39. exf8Q Bxf8 40. c4 1-0